مقطوعات أدبية من الشعر المنثور
Main Author:
Other Authors:
Format: Book
Language: Undetermined
Published:
Baghdad
Maemal wa matbaeat al-jahiz
1988
Tags: Add Tag
Call Number: P33 OURF
| LEADER | 00402nam a2200133Ia 4500 | ||
|---|---|---|---|
| 008 | 240404s9999||||xx |||||||||||||| ||und|| | ||
| 050 | 4 | |a P33 OURF | |
| 100 | 1 | |a أبو أمل. | |
| 245 | 1 | 0 | |a مقطوعات أدبية من الشعر المنثور |c أبو أمل |
| 264 | 1 | |a Baghdad |b Maemal wa matbaeat al-jahiz |c 1988 | |
| 300 | |a 101 |c 23 | ||
| 700 | 1 | |a جميل الاورفلى. | |
| 942 | |2 lcc |c BK | ||
| 999 | |c 58076 |d 58076 | ||
